Lịch Thái Sơn La

Gồm phần lịch từ năm 1949 đến năm 1973

में बचाया:
ग्रंथसूची विवरण
मुख्य लेखक: Trần, Vân Hạc
स्वरूप: पुस्तक
भाषा:Undetermined
प्रकाशित: Hà Nội Khoa học - Xã hội 2015
विषय:
टैग : टैग जोड़ें
कोई टैग नहीं, इस रिकॉर्ड को टैग करने वाले पहले व्यक्ति बनें!
Thư viện lưu trữ: Trung tâm Học liệu Trường Đại học Cần Thơ
LEADER 00650nam a2200205Ia 4500
001 CTU_209511
008 210402s9999 xx 000 0 und d
082 |a 529.309597 
082 |b H101/Q.3 
100 |a Trần, Vân Hạc 
245 0 |a Lịch Thái Sơn La 
245 0 |c Trần Vân Hạc, Cà Văn Chung 
260 |a Hà Nội 
260 |b Khoa học - Xã hội 
260 |c 2015 
520 |a Gồm phần lịch từ năm 1949 đến năm 1973 
650 |a Lịch,Calendar 
650 |z Việt Nam,Vietnam 
904 |i Trần Thu Thảo,Hải 
980 |a Trung tâm Học liệu Trường Đại học Cần Thơ